000 00273nam a2200121 a 4500
008 101026s1989|||| d
100 1 _aMarec, Anton
245 1 0 _aKroky proti vetru
041 _aslo
044 _axo
_cSK
020 _c17
260 _bSmena
_aBratislava
_c1989
999 _c12309
_d12309